[Event "Valencia Region-ch Segunda"]
[Site "Valencia"]
[Date "2015.10.03"]
[Round "1.9"]
[White "Guardiola Guillot, Lucas"]
[Black "Abril Gonzalez, Juan Carlos"]
[Result "1-0"]
[WhiteElo "1556"]
[BlackElo "1286"]
[PlyCount "61"]
[EventDate "2015.10.03"]
[EventType "swiss"]
[EventRounds "7"]
[EventCountry "ESP"]
[SourceTitle "EXT 2024"]
[Source "ChessBase"]
[SourceDate "2023.10.10"]
[SourceVersion "1"]
[SourceVersionDate "2023.10.10"]
[SourceQuality "1"]

1. e4 e6 2. c4 d5 3. exd5 exd5 4. cxd5 Nf6 5. Nf3 Nxd5 6. d4 Be6 7. Nc3 Be7 8. Bc4 0-0 9. Qb3 Bb4 10. 0-0 Bxc3 11. bxc3 Nc6 12. Ng5 Na5 13. Qc2 g6 14. Nxe6 fxe6 15. Bd3 Qf6 16. Bd2 Nc6 17. Be3 Nce7 18. Rab1 Rab8 19. Qd2 Nf5 20. Bg5 Qf7 21. Rfe1 c6 22. a4 Rfe8 23. a5 Rbc8 24. c4 Nf6 25. Bxf5 exf5 26. Rxe8+ Rxe8 27. Bxf6 Qxf6 28. Rxb7 Qxd4 29. Qc1 Qxc4 30. Qxc4+ Kh8 31. Qd4+ 1-0